000 00694nam a22002417a 4500
005 20170124110107.0
010 _a847552
020 _c00.00
_a0200724622
035 _aB-027208
037 _bCen Lib/Ret
040 _aDPL
_bEN
082 _aN
_bGOS
100 _aGoscinny
_9102162
245 _aNicholas and the gang at school /
_cby Goscinny [and] Semple; translated by Anthea Bell; illustrated by Semple
260 _aLondon
_bAbelard
_c1976
270 _bLondon
300 _a143p.:
_c20cm(Hb)
_bill.
650 _aEnglish literature
_9102163
650 _aEnglish novels
_9102164
700 _aSemple
_928312
700 _aBell. Anthea
_928313
942 _2ddc
_cEN
_hN
_mGOS
999 _c130108
_d130108